000 00340nam a2200133Ia 4500
008 240624s9999 xx 000 0 und d
041 _aeng
082 _a658.152 WHI
100 _aWHITLEY RICHARD
245 _aDIVERGENT CAPITALISMS THE SOCIAL STRUCTU
260 _c2000
_bOxford University Press
300 _a312 : p.
365 _cGBP
_b30
999 _c21008
_d21008